000 00568nam a2200205 a 4500
001 13766
003 CO-ViMGA
008 141112s2004 ck r 000 u spa d
020 _a9580503168, 968242500X
040 _aCO-ViMGA
_bspa
_cCO-ViMGA
082 0 4 _aGRImu1
100 1 _aGrimm, Hermanos
_920057
245 1 0 _aLos Musicos de Bremen
260 _aSantafé de Bogotá :
_bEducar Cultural Recreativa,
_c1994
300 _a24
490 _aCuentos para soñar
590 _aForma de adquisición : Compra
650 1 4 _aCUENTOS INFANTILES
_92743
942 _2ddc
_cBK
999 _c11460
_d11460